Giáo trình trang trí Sách dành cho cao đẳng Sư phạm T.3 Giáo trình trang trí
Trình bày những vấn đề chung về trang trí ứng dụng và nâng cao những vấn đề cụ thể trong tranh dán giấy, trang trí hội trường, phóng ảnh lãnh tụ, bìa sách và minh hoạ, tranh tĩnh vật trang trí, tranh phong cảnh trang trí và tranh sinh hoạt trang trí...
Spremljeno u:
| Glavni autor: | |
|---|---|
| Daljnji autori: | |
| Format: | Knjiga |
| Jezik: | Vietnamese |
| Izdano: |
H.
Đại học Sư phạm
2007
|
| Teme: | |
| Oznake: |
Dodaj oznaku
Bez oznaka, Budi prvi tko označuje ovaj zapis!
|
| Thư viện lưu trữ: | Mạng thư viện Đại học Đà Nẵng |
|---|
| LEADER | 01684nam a2200385 4500 | ||
|---|---|---|---|
| 001 | 000009669 | ||
| 003 | 5866 | ||
| 005 | 20111031141004.0 | ||
| 008 | 111031s2007 viesd | ||
| 020 | |c 0đ | ||
| 041 | 0 | |a vie | |
| 082 | |a 745.4 |b NG-T | ||
| 100 | 0 | |a Nguyễn Thế Hùng |e Chủ biên | |
| 245 | 1 | 0 | |a Giáo trình trang trí |b Sách dành cho cao đẳng Sư phạm |c Nguyễn Thế Hùng(Ch.b); Nguyễn Thị Nhung(Tác giả) |n T.3 |p Giáo trình trang trí |
| 260 | |a H. |b Đại học Sư phạm |c 2007 | ||
| 300 | |a 194 tr. hình vẽ, ảnh |c 24 cm | ||
| 500 | |a Bộ Giáo dục và Đào tạo. Dự án Đào tạo Giáo viên THCS | ||
| 504 | |a Thư mục: tr. 194 | ||
| 520 | |a Trình bày những vấn đề chung về trang trí ứng dụng và nâng cao những vấn đề cụ thể trong tranh dán giấy, trang trí hội trường, phóng ảnh lãnh tụ, bìa sách và minh hoạ, tranh tĩnh vật trang trí, tranh phong cảnh trang trí và tranh sinh hoạt trang trí | ||
| 653 | |a Trang trí ứng dụng | ||
| 653 | |a Tranh vẽ | ||
| 653 | |a Giáo trình | ||
| 700 | |a Nguyễn Thị Nhung |e Tác giả | ||
| 773 | |t Giáo trình trang trí |w 5863 | ||
| 910 | |a duyên | ||
| OWN | |a LSP | ||
| AVA | |a UDN50 |b LSP |d 745.4 NG-T |e available |t Error 5001 Not defined in file expand_doc_bib_avail. |f 9 |g 0 |h N |i 0 |k 1 | ||
| 999 | |a From the UDN01 | ||
| AVA | |a UDN50 |b LSP |d 745.4 NG-T |e available |t Error 5001 Not defined in file expand_doc_bib_avail. |f 9 |g 0 |h N |i 0 |k 1 | ||
| TYP | |a Monograph | ||
| TYP | |a Printed language | ||
| 980 | |a Mạng thư viện Đại học Đà Nẵng | ||